Forest tree improvement (Record no. 63239)

MARC details
000 -LEADER
fixed length control field 01057nam a2200217 a 4500
008 - FIXED-LENGTH DATA ELEMENTS--GENERAL INFORMATION
fixed length control field 120416s1985 ||||||||||||||||| || u
020 ## - INTERNATIONAL STANDARD BOOK NUMBER
International Standard Book Number 9251009430
050 ## - LIBRARY OF CONGRESS CALL NUMBER
Classification number SD 399.5 For
110 ## - MAIN ENTRY--CORPORATE NAME
Corporate name or jurisdiction name as entry element Food and Agriculture Organization
245 10 - TITLE STATEMENT
Title Forest tree improvement
260 ## - PUBLICATION, DISTRIBUTION, ETC.
Place of publication, distribution, etc. Dehradun:
Name of publisher, distributor, etc. International book distributors
Date of publication, distribution, etc. 1985
300 ## - PHYSICAL DESCRIPTION
Extent iii, 271p.: ill.
350 ## -
-- 0.00
490 ## -
-- FAO forestry paper, no. 20
500 ## - GENERAL NOTE
General note Report on the FAO/DANIDA training course on...
650 ## - SUBJECT ADDED ENTRY--TOPICAL TERM
Topical term or geographic name entry element FORESTRY
650 ## - SUBJECT ADDED ENTRY--TOPICAL TERM
Topical term or geographic name entry element FOREST ECOLOGY--CONGESSES
995 ## -
-- ANNEX COLLECTION (Main Library)
-- 0.00
-- 732369
-- CBU-MAIN LIBRARY (Kitwe)
-- 1
-- 0.00
-- SD 399.5 For
-- 4
-- AVAILABLE
-- Nov 27, 2006
-- 44927
-- Annex Low-Usage Collection
995 ## -
-- ANNEX COLLECTION (Main Library)
-- 0.00
-- 732370
-- CBU-MAIN LIBRARY (Kitwe)
-- 1
-- 0.00
-- SD 399.5 For
-- 3
-- AVAILABLE
-- May 3, 2006
-- 44928
-- Annex Low-Usage Collection
995 ## -
-- ANNEX COLLECTION (Main Library)
-- 0.00
-- 732371
-- CBU-MAIN LIBRARY (Kitwe)
-- 1
-- 38.00
-- SD 399.5 FOR
-- 1
-- AVAILABLE
-- 44925
-- Annex Low-Usage Collection
999 ## -
-- 63239
-- 63239
Holdings
Withdrawn status Lost status Source of classification or shelving scheme Damaged status Not for loan Permanent Location Current Location Shelving location Date acquired Total Checkouts Full call number Barcode Date last seen Price effective from Koha item type
          CBU-MAIN LIBRARY, KITWE. CBU-MAIN LIBRARY, KITWE.   12/24/2022   SD 399.5 For 44927 12/24/2022 12/24/2022 MONOGRAPH
Withdrawn         CBU-MAIN LIBRARY, KITWE. CBU-MAIN LIBRARY, KITWE.   12/24/2022   SD 399.5 For 44928 12/24/2022 12/24/2022 MONOGRAPH
          CBU-MAIN LIBRARY, KITWE. CBU-MAIN LIBRARY, KITWE.   12/24/2022   SD 399.5 For 44925 12/24/2022 12/24/2022 MONOGRAPH